Visualizzazione normale
Vista MARC
- De Curtis Antonio (=Toto)
di Personal Name
Records bibliografici associati: 1
001 - CONTROL NUMBER
- control field: 32062
003 - CONTROL NUMBER IDENTIFIER
- control field: IT-RoPau
005 - DATE AND TIME OF LATEST TRANSACTION
- control field: 20140626121338.0
008 - FIXED-LENGTH DATA ELEMENTS
- fixed length control field: 140626|| aca||aabn | a|a d
040 ## - CATALOGING SOURCE
- Original cataloging agency: IT-RoPau
- Transcribing agency: IT-RoPau
100 ## - HEADING--PERSONAL NAME
- Personal name: De Curtis Antonio (=Toto)
- Miscellaneous information: Codice interprete SPICS: 25255
- Relator term: Interprete
670 ## - SOURCE DATA FOUND
- Source citation: Work cat.: (IT-RoPau)100405: De Curtis Antonio (=Totò ) 32059, Canzoni di Totò (Le)